00521ntaaa2200157 45000030003000000050017000030080021000200400037000410820017000781000023000952450047001182500045001653000011002105000115002216500027003360120251027201856.00714s1973 ag 01  aAR-BaBNbspacAR-BaBNeaacrdRIC a230.1000 M58 aMilburn, R. L. P.  aEarly Christian interpretations of history a1 ed. : bAdam and Charles Black, c1954 a221 p. a"Includes early theologians and historians such as Origen, Eusebius, Augustine, Irenaeus, Clement, and others" aTeología Histórica